Rehabilitation of freshwater fisheries
| Other Authors: | |
|---|---|
| Published: |
Oxford:
Blackwell Scientific Pub.,
1994..
|
| Subjects: |
| LEADER | 00507cam a2200169 7i4500 | ||
|---|---|---|---|
| 001 | 0000006853 | ||
| 005 | 20020408090000.0 | ||
| 020 | 0 | 0 | |a 0852381956 |
| 035 | 0 | 0 | |a 0174-23060 |
| 090 | 0 | 0 | |a SH 159 |b R345 |
| 245 | 0 | 0 | |a Rehabilitation of freshwater fisheries |c edited by I.G. Cowx.. |
| 260 | 0 | 0 | |a Oxford: |b Blackwell Scientific Pub., |c 1994.. |
| 300 | # | # | |a 486p.; |c 26cm.. |
| 650 | 0 | 0 | |a Freshwater fisheries. |
| 700 | 1 | 1 | |a Cowx, |h I. G. |
| 740 | 0 | 1 | |a Freshwater fisheries. |
| 999 | |a 1000398318 |b Book |c Open Shelf |e KOLEKSI TERBUKA | ||


